000 00758nam a22002297a 4500
005 20250407143338.0
008 250407b |||||||| |||| 00| 0 eng d
020 _a978-0-7556-4399-8 (pbk)
037 _cTB
040 _aCRL
_cCRL
041 _2eng
_aeng
084 _aV45.P1 R3
_qCRL
100 _aby Ali Rahnema
_9751875
245 _aPolitical history of modern Iran:
_bRevolution, reaction and transformation, 1905 to the present
260 _aLondon, UK:
_bI.B. Tauris,
_c2023
300 _axliv,694p.
365 _b23.99
_cUKP
650 _aIran History
650 _aHistory
942 _2CC
_cTB
_hV45.P1 R3
_n0
999 _c1308484
_d1308484